000 00325nam a2200145Ia 4500
100 _aMullery Al/ Besson Micheal
942 _cBK
654 _aComputer
245 _aLectures Notes in Computer Science
260 _bSpringer
_aNew Delhi
_c1997
082 _a4.65
_bMUL
300 _a477
546 _aENGLISH
999 _c18422
_d18422